=LDR 00000nam 2200000 4500 =001 INLIS000000000048984 =005 20170118082738.0 =006 =007 =008 =020 ##$$a 978-979-29-3925-5 =035 ##$$0010-011700000000265 =040 ##$$a NBPDMAT =082 ##$$a 650.1 =090 ##$$a 650.1 Eka b =100 ##$$a Eka Dharma Pranoto =245 ##$$a Bego tap sukses usaha tanpa ijazah / $c Eka Dharma Pranoto ; editor, Hernita Pi bejo : $b buku gila =260 ##$$a Yogyakarta : $b Andi, $c 2013 =300 ##$$a xxii, 130 hlm. : $b ilus. ; $c 23 cm. =500 ##$$a Biografi : hlm. 128-130 =650 ##$$a Sukses dalam bisnis =850 ##$$a NBPDMAT